Biblioteca

Diversidad y unidad en las escrituras : (Registro nro. 49979)

Detalles MARC
000 -LÍDER
Campo fijo de descripción fija 00968aab a2200193 i 4500
001 - NÚMERO DE CONTROL
Campo de control 768714001
003 - IDENTIFICADOR DEL NÚMERO DE CONTROL
Campo de control CO-MdFUSB
005 - FECHA Y HORA DE LA ULTIMA TRANSACCIÓN
control field 20221116171106.0
008 - ELEMENTOS DE LONGITUD FIJA -- INFORMACIÓN GENERAL
Campo fijo de descripción fija -- Información general 221116s2002 sp ||||| |||| 00| 0 spa d
040 ## - FUENTE DE CATALOGACIÓN
Idioma de catalogación spa
Agencia que realiza la transcripción CO-MdFUSB
Agencia que realiza la modificación CO-MdFUSB
041 ## - CÓDIGO DE IDIOMA
Código de idioma para texto/pista de sonido o título separado spa
100 1# - ASIENTO PRINCIPAL--NOMBRE PERSONAL
Nombre personal Nieuwenhove, Rik van
Término relacionador autor
245 10 - TÍTULO
Título Diversidad y unidad en las escrituras :
Subtitulo la perspectiva patrística
Mención de responsabilidad / Rik van Nieuwenhove
300 ## - DESCRIPCIÓN FÍSICA
Extensión Número 294 (2002), Páginas 109-117
Dimensiones ; 21 cm
520 ## - NOTA DE RESUMEN, ETC.
Nota de sumario, etc. La Biblia cristiana está regida por una dialéctica de unidad y diversidad. Una breve mirada a lo que llamamos NT revela que en realidad contiene diversidad de documentos: evangelios (que contienen relatos a menudo incompatibles de los mismo acontecimientos), una historia (Hechos), cartas (paulinas y no paulinas) y una obra apocalíptica (Apocalipsis).
653 ## - TÉRMINO DE INDIZACIÓN - NO CONTROLADO
Término no controlado Patristica
773 0# - ASIENTO DE ITEM FUENTE
Título Concilium
Biblionumber 49450
Itemnumber 60418
Parte(s) relacionada(s) / Volumen., número. (mes año), páginas Número 294 (2002), Páginas 109-117
Enumeración y primera página Páginas 109
942 ## - TIPO DE MATERIAL (KOHA)
Tipo de Item KOHA Artículos de Revista

No hay ítems disponibles.

Biblioteca FUSBC | Teléfono: (57+4) 349 88 10 Ext. 141| WhatsApp (+57) 3005338115 
E-mail: biblioteca@unisbc.edu.co | Calle 76 87-14 Robledo Palenque, Medellín, Colombia

Con tecnología Koha